ARRUPE JESUIT UNIVERSITY

CORONAVIRUS -STOP THE SPREAD - CLEAN,DISINFECT,COVER

Public life in Renaissance Florence / (Record no. 119022)

MARC details
000 -LEADER
fixed length control field 01287cam a2200325 a 4500
001 - CONTROL NUMBER
control field 2017107
003 - CONTROL NUMBER IDENTIFIER
control field ARRUPE
005 - DATE AND TIME OF LATEST TRANSACTION
control field 20131203175942.0
008 - FIXED-LENGTH DATA ELEMENTS--GENERAL INFORMATION
fixed length control field 910719r19911980nyua b 001 0 eng
010 ## - LIBRARY OF CONGRESS CONTROL NUMBER
LC control number 91055259
020 ## - INTERNATIONAL STANDARD BOOK NUMBER
International Standard Book Number 0801426944 (cloth : alk. paper)
020 ## - INTERNATIONAL STANDARD BOOK NUMBER
International Standard Book Number 0801499798 (paper : alk. paper)
040 ## - CATALOGING SOURCE
Original cataloging agency DLC
Transcribing agency DLC
Modifying agency DLC
043 ## - GEOGRAPHIC AREA CODE
Geographic area code e-it---
050 00 - LIBRARY OF CONGRESS CALL NUMBER
Classification number DG737.4
Item number .T66 1991
300 ## - PHYSICAL DESCRIPTION
Other physical details ill. ;
Dimensions 23 cm.
100 1# - MAIN ENTRY--PERSONAL NAME
Personal name Trexler, Richard C.,
Dates associated with a name 1932-
9 (RLIN) 4930
245 10 - TITLE STATEMENT
Title Public life in Renaissance Florence /
Statement of responsibility, etc Richard C. Trexler.
260 ## - PUBLICATION, DISTRIBUTION, ETC. (IMPRINT)
Place of publication, distribution, etc Ithaca :
Name of publisher, distributor, etc Cornell University Press,
Date of publication, distribution, etc 1991.
300 ## - PHYSICAL DESCRIPTION
Extent xxvi, 591 p. :
490 0# - SERIES STATEMENT
Series statement Cornell paperbacks
500 ## - GENERAL NOTE
General note Originally published: Academic Press, 1980, in series: Studies in social discontinuity.
504 ## - BIBLIOGRAPHY, ETC. NOTE
Bibliography, etc Includes bibliographical references (p. 555-572) and index.
650 #0 - SUBJECT ADDED ENTRY--TOPICAL TERM
Topical term or geographic name as entry element Church and state
Geographic subdivision Italy
-- Florence.
9 (RLIN) 4931
650 #0 - SUBJECT ADDED ENTRY--TOPICAL TERM
Topical term or geographic name as entry element Renaissance
Geographic subdivision Italy
-- Florence.
9 (RLIN) 4932
651 #0 - SUBJECT ADDED ENTRY--GEOGRAPHIC NAME
Geographic name Florence (Italy)
General subdivision History
Chronological subdivision 1421-1737.
9 (RLIN) 4933
651 #0 - SUBJECT ADDED ENTRY--GEOGRAPHIC NAME
Geographic name Florence (Italy)
General subdivision Social conditions.
9 (RLIN) 4934
906 ## - LOCAL DATA ELEMENT F, LDF (RLIN)
a 7
b cbc
c orignew
d 1
e ocip
f 19
g y-gencatlg
942 ## - ADDED ENTRY ELEMENTS (KOHA)
Source of classification or shelving scheme Library of Congress Classification
Koha item type Monograph ( Printed materials)
Holdings
Withdrawn status Lost status Source of classification or shelving scheme Damaged status Not for loan Collection code Home library Current library Shelving location Date acquired Total Checkouts Full call number Barcode Date last seen Price effective from Koha item type
    Library of Congress Classification     Main Collection ARRUPE LIBRARY ARRUPE LIBRARY Main Collection 03/12/2013   DG737.4 .T66 1991 46410365 04/12/2017 03/12/2013 Monograph ( Printed materials)

 

Arrupe Library. PO Box MP320 Mt Pleasant, Harare, Zimbabwe
263 242 745411|librarian@aju.ac.zw